00668nam a22002297a 450000500170000001000280001702000260004503500130007103500130008403700130009703700230011008200100013310000200014324500720016326000350023527000470027030000270031750000190034465000230036365000250038665000270041120100805140041.0 aENG-98250 B-423687 a9788120336568c225.00 aEN-81783 aB-423687 bDBAD/PUB bAllied Publishers  a599.8 aSrivastava,R.P. aMorphology of the primates and human evolution /cby R.P.Srivastava aNew DelhibPHI Learning c2009 aM-97,Connaught Circurs bNew Delhie110001 axiii,193p.c24cm (pbk) aIncludes index aHuman xEvolution  aPrimatesxEvolution  aPrimates xMorophology